[Event "I Chess Classic Festival"]
[Site "Siracusa ITA"]
[Date "2006.09.29"]
[Round "8"]
[White "Rosolia, Giuseppe"]
[Black "Kopischke, Maik"]
[Result "1-0"]
[WhiteElo "1936"]
[BlackElo "1984"]
[PlyCount "131"]
[EventDate "2006.09.23"]

1. Nf3 Nf6 2. c3 e6 3. d3 d5 4. Nbd2 Be7 5. e4 dxe4 6. dxe4 O-O 7. Be2 c5 8.
Qc2 Nbd7 9. O-O Qc7 10. Re1 e5 11. a4 a6 12. Nc4 b6 13. Bg5 Bb7 14. Nfd2 Rfe8
15. f3 Nf8 16. Ne3 h6 17. Bxf6 Bxf6 18. Nd5 Qc6 19. Nxf6+ Qxf6 20. Nc4 Ng6 21.
g3 h5 22. Rad1 Rad8 23. Rxd8 Rxd8 24. Rd1 h4 25. Rxd8+ Qxd8 26. Qd2 Qxd2 27.
Nxd2 hxg3 28. hxg3 Bc6 29. Bxa6 Bxa4 30. Nc4 b5 31. Nd6 b4 32. Bc4 Kf8 33. Nb7
bxc3 34. bxc3 Bc6 35. Nxc5 Ne7 36. Kf2 Nc8 37. Ke3 Nd6 38. Bd5 Bb5 39. Bb3 Ke7
40. Nd3 Kf6 41. Nxe5 Nb7 42. Kd4 Be2 43. f4 Nd6 44. c4 Ke7 45. Nc6+ Kd7 46. Ba4
Kc7 47. Na5 Bf3 48. Bc2 Be2 49. Bd3 Bg4 50. c5 Nc8 51. Nc4 Ne7 52. Ne5 Bc8 53.
Bb5 f5 54. Bd3 fxe4 55. Bxe4 Be6 56. g4 Ng8 57. f5 Bc8 58. g5 Kd8 59. Nf7+ Kc7
60. Nd6 Bd7 61. Ke5 Ba4 62. Bd5 Ne7 63. Ke6 Ng8 64. Kf7 Be8+ 65. Nxe8+ Kd8 66.
Kxg8 1-0

[Event "I Chess Classic Festival"]
[Site "Siracusa ITA"]
[Date "2006.09.29"]
[Round "8"]
[White "Santagati, Alessandro"]
[Black "Rosberg, Simon"]
[Result "1/2-1/2"]
[WhiteElo "2116"]
[BlackElo "2011"]
[PlyCount "25"]
[EventDate "2006.09.23"]

1. d4 Nf6 2. Nf3 e6 3. c4 b6 4. g3 Ba6 5. b3 Bb7 6. Bg2 Bb4+ 7. Bd2 a5 8. O-O
O-O 9. a3 Bxd2 10. Nbxd2 d6 11. Qc2 c5 12. e4 Nfd7 13. d5 1/2-1/2

[Event "I Chess Classic Festival"]
[Site "Siracusa ITA"]
[Date "2006.09.29"]
[Round "8"]
[White "Seminara, Antonio"]
[Black "Cultrera, Salvatore"]
[Result "1-0"]
[WhiteElo "1976"]
[BlackElo "1693"]
[PlyCount "59"]
[EventDate "2006.09.23"]

1. d4 d5 2. c4 Nf6 3. Nc3 c6 4. Nf3 dxc4 5. a4 Nd5 6. e4 Nxc3 7. bxc3 b5 8. Ne5
Bb7 9. Qf3 Qc8 10. Qxf7+ Kd8 11. Qf4 Ke8 12. Be2 g6 13. Qf7+ Kd8 14. Bg4 Qc7
15. axb5 cxb5 16. Qf4 Ke8 17. Qf7+ Kd8 18. Bf4 Bxe4 19. Nxg6 Bxg6 20. Qd5+ Nd7
21. Bxc7+ Kxc7 22. Qxd7+ Kb6 23. Ra6+ Kxa6 24. Qc6+ Ka5 25. O-O Bc2 26. Qc7+
Ka6 27. Re1 e5 28. Rxe5 Bd6 29. Qxd6+ Ka5 30. Qb4+ 1-0

[Event "I Chess Classic Festival"]
[Site "Siracusa ITA"]
[Date "2006.09.29"]
[Round "8"]
[White "Van De Wynkele, Eric"]
[Black "Rigo, Gianfrancesco"]
[Result "0-1"]
[WhiteElo "1982"]
[BlackElo "2013"]
[PlyCount "117"]
[EventDate "2006.09.23"]

1. e4 c5 2. Nc3 Nc6 3. Bb5 Nd4 4. Bc4 e6 5. Nf3 a6 6. Nxd4 cxd4 7. Ne2 Bc5 8.
c3 dxc3 9. Nxc3 b5 10. Bb3 Bb7 11. d4 Bb4 12. Qd3 Qh4 13. d5 Nf6 14. Bd2 Bxc3
15. Bxc3 Qxe4+ 16. Qxe4 Nxe4 17. dxe6 fxe6 18. Bd4 O-O 19. f3 Ng5 20. Be3 Nf7
21. O-O-O Bc6 22. Rhe1 Rfc8 23. Kb1 Ne5 24. Bf4 Nc4 25. Rd4 Bd5 26. Bc2 Rf8 27.
Bc1 a5 28. Bd3 a4 29. Bg5 Rf7 30. Re2 d6 31. Bf4 Rd7 32. Bf5 exf5 33. Rxd5 Rb8
34. Rxf5 b4 35. Rd5 Kf7 36. Re4 Rc8 37. Rf5+ Kg8 38. Rd5 Rdc7 39. Re1 Rc5 40.
Rxc5 Rxc5 41. Rd1 d5 42. Rd4 Kf7 43. Bc1 b3 44. a3 Ke6 45. Bf4 Nb6 46. Rb4 Rc6
47. g4 Kd7 48. h4 g6 49. Bc1 Re6 50. Bd2 Nc4 51. Bc3 Re3 52. Rxa4 Rxf3 53. Ra7+
Kc8 54. Re7 d4 55. Bb4 Rf2 56. Kc1 Rc2+ 57. Kd1 Nxb2+ 58. Ke1 Nd3+ 59. Kf1 0-1

[Event "I Chess Classic Festival"]
[Site "Siracusa ITA"]
[Date "2006.09.30"]
[Round "9"]
[White "Agnello, Giuseppe"]
[Black "Rosolia, Giuseppe"]
[Result "1-0"]
[WhiteElo "2139"]
[BlackElo "1936"]
[PlyCount "56"]
[EventDate "2006.09.23"]

1. e4 e5 2. Nf3 d6 3. d4 Nd7 4. Bc4 c6 5. O-O Be7 6. dxe5 dxe5 7. Qe2 Ngf6 8.
Rd1 Qc7 9. Ng5 O-O 10. Bxf7+ Rxf7 11. Qc4 Nd5 12. Nxf7 b5 13. Qe2 Nf4 14. Bxf4
exf4 15. e5 Nf8 16. Nd6 Be6 17. Nc3 Ng6 18. Qe4 Rf8 19. a4 b4 20. Na2 a5 21. c3
f3 22. g3 Bb3 23. cxb4 axb4 24. Nxb4 Qd7 25. Rd3 Nxe5 26. Qxe5 Bxd6 27. Qe4 Rf4
28. Qxf4 Qh3 1-0

[Event "I Chess Classic Festival"]
[Site "Siracusa ITA"]
[Date "2006.09.30"]
[Round "9"]
[White "Antkowiak, Grzegorz"]
[Black "Karlsson, Lars"]
[Result "1-0"]
[WhiteElo "2183"]
[BlackElo "2506"]
[PlyCount "56"]
[EventDate "2006.09.23"]

1. e4 g6 2. d4 Bg7 3. g3 d6 4. Nc3 Nf6 5. Nge2 O-O 6. Bg2 Nbd7 7. O-O c5 8. h3
Rb8 9. Be3 b6 10. Qd2 Re8 11. a4 a6 12. g4 Bb7 13. Ng3 cxd4 14. Bxd4 Ne5 15. g5
Nfd7 16. b3 Bf8 17. Nd5 e6 18. Ne3 Nc6 19. Bb2 Qxg5 20. Qe1 e5 21. Rd1 Nc5 22.
Nd5 Bg7 23. f4 exf4 24. Bxg7 Kxg7 25. Rxf4 Ne6 26. Rg4 Qd8 27. Nh5+ Kh8 28.
Nhf6 Nf8 1-0

[Event "I Chess Classic Festival"]
[Site "Siracusa ITA"]
[Date "2006.09.30"]
[Round "9"]
[White "Campailla, Maurizio"]
[Black "Mossiaguine, Allan"]
[Result "1-0"]
[WhiteElo "1658"]
[BlackElo "1497"]
[PlyCount "77"]
[EventDate "2006.09.23"]

1. e4 c5 2. Nf3 d6 3. d4 cxd4 4. Nxd4 Nf6 5. Nc3 g6 6. Bc4 Bg7 7. Be3 Nc6 8. h3
Bd7 9. a3 Rc8 10. Bb3 a6 11. a4 Ne5 12. O-O O-O 13. Qd2 Nc4 14. Bxc4 Rxc4 15.
a5 Qc7 16. f3 Rb8 17. Nde2 Be6 18. Bb6 Qc8 19. Nf4 Bd7 20. Rfc1 Bh6 21. Be3
Bxf4 22. Bxf4 b6 23. Bg5 bxa5 24. Bxf6 Qc5+ 25. Kh1 exf6 26. Nd5 Rxb2 27. Nxf6+
Kg7 28. Nxd7 Qc7 29. Rxa5 Qxd7 30. Rxa6 Qc7 31. Rxd6 Rcxc2 32. Rxc2 Qxc2 33.
Qxc2 Rxc2 34. Rd7 Re2 35. Kg1 Kf6 36. Kh2 h5 37. h4 Ke6 38. Ra7 f6 39. Rg7 1-0

[Event "I Chess Classic Festival"]
[Site "Siracusa ITA"]
[Date "2006.09.30"]
[Round "9"]
[White "Conti, Silvano"]
[Black "Maugeri, Domenico"]
[Result "1-0"]
[WhiteElo "1628"]
[BlackElo "1451"]
[PlyCount "55"]
[EventDate "2006.09.23"]

1. e4 e5 2. Nf3 Nc6 3. Bc4 Nf6 4. Ng5 d5 5. exd5 Nxd5 6. Nxf7 Kxf7 7. Qf3+ Ke6
8. Nc3 Nce7 9. d4 c6 10. Qe4 Kf7 11. Bg5 Ke8 12. Qxe5 Qd7 13. Ne4 b5 14. Nd6+
Kd8 15. Nf7+ Ke8 16. Bxd5 cxd5 17. Nd6+ Kd8 18. O-O-O h6 19. Nf7+ Ke8 20. Nxh8
hxg5 21. Rhe1 Qf5 22. Qd6 Qf4+ 23. Qxf4 gxf4 24. Ng6 Bg4 25. f3 Bf5 26. Nxe7
Bxe7 27. Re5 Rc8 28. Rxf5 1-0

[Event "I Chess Classic Festival"]
[Site "Siracusa ITA"]
[Date "2006.09.30"]
[Round "9"]
[White "Di Martino, Giancarlo"]
[Black "Minniti, Giuseppe"]
[Result "0-1"]
[WhiteElo "1688"]
[BlackElo "1740"]
[PlyCount "106"]
[EventDate "2006.09.23"]

1. Nf3 Nf6 2. g3 d5 3. Bg2 g6 4. O-O Bg7 5. d3 O-O 6. Nbd2 c5 7. e4 dxe4 8.
Nxe4 Nbd7 9. c3 b6 10. Nxf6+ Nxf6 11. Ne5 Nd5 12. Nc6 Qd7 13. Bxd5 Bb7 14.
Nxe7+ Qxe7 15. Re1 Qd7 16. Bxb7 Qxb7 17. Bf4 Rad8 18. Re3 h6 19. Qf3 Qc8 20.
Re7 Qf5 21. Qe4 Qxe4 22. dxe4 g5 23. Be3 a5 24. Kf1 Bf6 25. Rc7 Rfe8 26. Rc6
Re6 27. Rxe6 fxe6 28. Ke2 Kg7 29. Rd1 Rxd1 30. Kxd1 g4 31. Kc2 Be7 32. Bf4 b5
33. Bc7 a4 34. e5 c4 35. b3 Bc5 36. bxc4 bxc4 37. Kd2 Bxf2 38. Ke2 Bg1 39. Kf1
Ba7 40. Kg2 h5 41. Bd8 Kg6 42. h3 Kf5 43. hxg4+ hxg4 44. Bc7 Ke4 45. Bd6 Kd3
46. Bb4 Be3 47. Kf1 Bd2 48. Ba5 Bxc3 49. Bc7 Bd2 50. Bd6 c3 51. Kf2 c2 52. Ba3
c1=Q 53. Bxc1 Bxc1 0-1

[Event "I Chess Classic Festival"]
[Site "Siracusa ITA"]
[Date "2006.09.30"]
[Round "9"]
[White "Kopischke, Maik"]
[Black "Fagotto, Roberto"]
[Result "1-0"]
[WhiteElo "1984"]
[BlackElo "1921"]
[PlyCount "139"]
[EventDate "2006.09.23"]

1. d4 Nf6 2. Nf3 e6 3. Bg5 Be7 4. Nbd2 d5 5. e3 Nbd7 6. Bd3 h6 7. Bh4 O-O 8.
O-O c5 9. c3 b6 10. Ne5 Nxe5 11. dxe5 Nd7 12. Bxe7 Qxe7 13. f4 Bb7 14. Qh5 f5
15. Rf3 Qf7 16. Qh4 c4 17. Bc2 d4 18. Rg3 Kh8 19. Nxc4 Nc5 20. Nd6 Qd7 21. exd4
Na6 22. Nxb7 Qxb7 23. Qh5 Qe7 24. Qg6 Rf7 25. Rh3 Nc7 26. Rf1 Qf8 27. Rff3 Re8
28. Rh4 Qg8 29. Bb3 Ree7 30. Rg3 Qh7 31. Qxh7+ Kxh7 32. Rd3 Rd7 33. Rhh3 Rfe7
34. Rhe3 g5 35. fxg5 hxg5 36. Rh3+ Kg6 37. Rd2 Rd8 38. Kf1 g4 39. Rg3 Kf7 40.
Rf2 Ke8 41. h3 gxh3 42. Rxh3 Kd7 43. Rf4 b5 44. Rfh4 Rg7 45. Rh7 Rdg8 46. Rxg7+
Rxg7 47. Kf2 Kc6 48. Rh6 Re7 49. Kf3 a5 50. Bc2 a4 51. Bxf5 Kd5 52. Bd3 b4 53.
Ke3 bxc3 54. bxc3 Rg7 55. c4+ Kc6 56. Rg6 Rf7 57. a3 Kb6 58. g4 Ka5 59. g5 Re7
60. Rg8 Ne8 61. Bg6 Nc7 62. Bc2 Rf7 63. Bd3 Re7 64. g6 Ne8 65. Rh8 Kb6 66. Rf8
Kc7 67. Rf7 Kd8 68. Rxe7 Kxe7 69. Bc2 Ng7 70. Bxa4 1-0

[Event "I Chess Classic Festival"]
[Site "Siracusa ITA"]
[Date "2006.09.30"]
[Round "9"]
[White "Larsson, Daniel"]
[Black "Murgia, Andrea"]
[Result "1-0"]
[WhiteElo "1958"]
[BlackElo "2063"]
[PlyCount "143"]
[EventDate "2006.09.23"]

1. d4 f5 2. f4 Nf6 3. Nf3 g6 4. e3 Bg7 5. Bc4 d5 6. Bb3 a5 7. c4 Ra6 8. Nc3 Be6
9. c5 Ne4 10. O-O O-O 11. Bd2 Kh8 12. Rc1 Bg8 13. Bc2 Nd7 14. Bd3 Raf6 15. Qb3
Ndxc5 16. Qc2 Nxd3 17. Qxd3 h6 18. Na4 b6 19. Qc2 g5 20. Be1 c5 21. dxc5 bxc5
22. Bc3 Nxc3 23. Qxc3 d4 24. Qxc5 dxe3 25. Qxe3 gxf4 26. Qxf4 Rd6 27. a3 e5 28.
Nxe5 Rd4 29. Ng6+ Kh7 30. Nxf8+ Qxf8 31. Qxf5+ Qxf5 32. Rxf5 Rxa4 33. Rc2 Bb3
34. Rc7 Kg6 35. Rb5 Bd4+ 36. Kh1 Be6 37. Rc6 Kf6 38. h3 Be3 39. g3 Bd2 40. Rc2
Rd4 41. Rb6 Be3 42. Ra6 a4 43. Kg2 Ke5 44. Kf3 Bd2 45. Ke2 Bg5 46. Ra5+ Ke4 47.
h4 Bg4+ 48. Kf2 Be3+ 49. Kg2 Bd1 50. Rc8 h5 51. Re8+ Kd3 52. Rae5 Bc1 53. Rb8
Kc2 54. Rc8+ Kb1 55. Rb8 Rd2+ 56. Kf1 Rxb2 57. Rd8 Bg4 58. Rd4 Rb3 59. Rxa4
Rxg3 60. Rb5+ Kc2 61. Rbb4 Be3 62. Rxg4 hxg4 63. Ra5 Rf3+ 64. Ke2 Bd4 65. Rg5
Re3+ 66. Kf1 g3 67. a4 Ra3 68. h5 Bf2 69. Rg7 Kd3 70. h6 Ra1+ 71. Kg2 Rg1+ 72.
Kf3 1-0

[Event "I Chess Classic Festival"]
[Site "Siracusa ITA"]
[Date "2006.09.30"]
[Round "9"]
[White "Liistro, Giovanni Carlo"]
[Black "Van De Wynkele, Eric"]
[Result "1-0"]
[WhiteElo "1820"]
[BlackElo "1982"]
[PlyCount "137"]
[EventDate "2006.09.23"]

1. e4 e6 2. d4 d5 3. Nd2 c5 4. exd5 Qxd5 5. dxc5 Nc6 6. Ngf3 Bxc5 7. Bd3 Nge7
8. O-O Ng6 9. Nb3 Bb6 10. Qe2 O-O 11. Rd1 Qh5 12. Ng5 Qxe2 13. Bxe2 e5 14. Be3
Bxe3 15. fxe3 h6 16. Nf3 Bf5 17. Ne1 Rad8 18. a3 Nge7 19. c4 b6 20. Nd2 Rd7 21.
b4 Rfd8 22. Nb3 Be6 23. b5 Rxd1 24. Rxd1 Rxd1 25. Bxd1 Nb8 26. Be2 Nf5 27. Nc2
Nd7 28. Kf2 Nd6 29. Nd2 Nc5 30. Nb4 f6 31. Nc6 a5 32. bxa6 Nxa6 33. Nb4 Nc5 34.
Ke1 Na4 35. Nd5 b5 36. Nc7 Bxc4 37. Nxc4 Nxc4 38. Bxc4+ bxc4 39. Nd5 Kf7 40.
Kd2 Ke6 41. Nc3 Nc5 42. Nb5 Ne4+ 43. Kc2 f5 44. a4 Kd7 45. Na3 c3 46. Nb5 Nf2
47. Kxc3 Ng4 48. Kd3 Nxh2 49. e4 f4 50. Kc4 f3 51. gxf3 Nxf3 52. Kd5 Kc8 53.
Kc6 Nd4+ 54. Kd6 Nf3 55. Kc6 Kb8 56. Kb6 Nd2 57. Nd6 Nb3 58. a5 Nd4 59. Nf7 h5
60. Nxe5 g5 61. Nc6+ Nxc6 62. Kxc6 g4 63. e5 g3 64. e6 g2 65. e7 g1=Q 66. e8=Q+
Ka7 67. Qd7+ Ka6 68. Qb7+ Kxa5 69. Qb5# 1-0

[Event "I Chess Classic Festival"]
[Site "Siracusa ITA"]
[Date "2006.09.30"]
[Round "9"]
[White "Ljubisavljevic, Zivojin Z."]
[Black "Santagati, Alessandro"]
[Result "1-0"]
[WhiteElo "2290"]
[BlackElo "2116"]
[PlyCount "107"]
[EventDate "2006.09.23"]

1. e4 c5 2. Nc3 e6 3. f4 d5 4. e5 Nc6 5. Nf3 a6 6. d3 Nh6 7. Ne2 Be7 8. c3 Nf5
9. g4 Nh4 10. Ng3 O-O 11. Nxh4 Bxh4 12. g5 f6 13. gxf6 Bxg3+ 14. hxg3 gxf6 15.
Qg4+ Kh8 16. Qg6 Qe7 17. exf6 Rxf6 18. Rxh7+ Qxh7 19. Qxf6+ Qg7 20. Qxg7+ Kxg7
21. Bg2 Bd7 22. Be3 b6 23. Kd2 Rh8 24. Rh1 Rxh1 25. Bxh1 Kf6 26. d4 c4 27. Bf3
b5 28. a3 a5 29. g4 a4 30. Bf2 Na5 31. Bh4+ Kg6 32. Bd8 Nb3+ 33. Kd1 Bc6 34.
Bh4 Bb7 35. Bf2 Bc6 36. Be3 Kf6 37. Ke1 Na1 38. Kf2 Nc2 39. Bd2 Be8 40. Bd1 Na1
41. Kg3 Bg6 42. Bf3 Bf7 43. Kh4 Nb3 44. Be3 Bg6 45. f5 exf5 46. Bxd5 Be8 47.
g5+ Kg6 48. Kg3 Na5 49. Kf4 Nc6 50. Be6 Ne7 51. d5 Bf7 52. Ke5 Be8 53. d6 f4
54. Kxf4 1-0

[Event "I Chess Classic Festival"]
[Site "Siracusa ITA"]
[Date "2006.09.30"]
[Round "9"]
[White "Minniti, Cristiano"]
[Black "Nielsen, Jorgen Kamp"]
[Result "1-0"]
[WhiteElo "1608"]
[BlackElo "1697"]
[PlyCount "43"]
[EventDate "2006.09.23"]

1. e4 Nf6 2. e5 Nd5 3. c4 Nb6 4. d4 d6 5. Nf3 Bg4 6. Bf4 dxe5 7. Bxe5 N8d7 8.
Bg3 e6 9. a3 c5 10. h3 Bh5 11. d5 exd5 12. cxd5 Nf6 13. Bb5+ Nbd7 14. Qe2+ Qe7
15. Qxe7+ Kxe7 16. d6+ Kd8 17. Nbd2 a6 18. Bd3 Ne8 19. Ne4 f5 20. Neg5 Bxf3 21.
gxf3 g6 22. Nf7+ 1-0

[Event "I Chess Classic Festival"]
[Site "Siracusa ITA"]
[Date "2006.09.30"]
[Round "9"]
[White "Monica, Vincenzo"]
[Black "Gulinelli, Euro"]
[Result "1-0"]
[WhiteElo "1523"]
[BlackElo "1586"]
[PlyCount "83"]
[EventDate "2006.09.23"]

1. e4 c5 2. Nf3 d6 3. Nc3 e6 4. d4 cxd4 5. Nxd4 Nf6 6. Be3 a6 7. h3 b5 8. Bd3
Be7 9. a3 Bb7 10. O-O O-O 11. Qf3 Nbd7 12. Qg3 Nh5 13. Qg4 Nhf6 14. Qg3 Re8 15.
Rad1 Rc8 16. f4 Nc5 17. e5 Nfe4 18. Nxe4 Nxe4 19. Qg4 dxe5 20. Nxe6 fxe6 21.
Bxe4 Bd5 22. fxe5 Rf8 23. Bh6 Qb6+ 24. Kh2 g5 25. Rxf8+ Rxf8 26. Bxf8 Kxf8 27.
Rf1+ Ke8 28. Bxh7 Qe3 29. Bg6+ Kd7 30. Rd1 Qxe5+ 31. g3 Kc6 32. Rxd5 Kxd5 33.
Qd1+ Kc5 34. b3 Bd6 35. Qd3 Kb6 36. Be4 Kc7 37. Qf3 Be7 38. Bb7 Qc5 39. Bxa6
Qxc2+ 40. Qg2 Qxb3 41. Qb7+ Kd8 42. Qc8# 1-0

[Event "I Chess Classic Festival"]
[Site "Siracusa ITA"]
[Date "2006.09.30"]
[Round "9"]
[White "Pafumi, Francesco"]
[Black "Seminara, Antonio"]
[Result "1-0"]
[WhiteElo "1702"]
[BlackElo "1976"]
[PlyCount "75"]
[EventDate "2006.09.23"]

1. e4 c5 2. Nf3 Nc6 3. c3 d5 4. e5 Bg4 5. d4 e6 6. Be2 Qb6 7. Nbd2 cxd4 8. Nxd4
Bxe2 9. Qxe2 Nxd4 10. cxd4 Ne7 11. Nf3 Nc6 12. O-O Rc8 13. Rd1 Be7 14. Bg5 Bxg5
15. Nxg5 h6 16. Nf3 O-O 17. Rd3 Rc7 18. Rc3 Rfc8 19. Rac1 Qa5 20. Qd2 b5 21.
Qc2 Nb4 22. Rxc7 Nxc2 23. Rxc8+ Kh7 24. R8xc2 Qxa2 25. h3 b4 26. Ne1 a5 27. Nd3
Qa4 28. Nc5 Qb5 29. b3 Kg6 30. Ra1 Kf5 31. f3 f6 32. g4+ Kf4 33. exf6 gxf6 34.
Kf2 Qb6 35. Re1 e5 36. h4 e4 37. Rce2 exf3 38. Re4+ 1-0

[Event "I Chess Classic Festival"]
[Site "Siracusa ITA"]
[Date "2006.09.30"]
[Round "9"]
[White "Parla, Aldo"]
[Black "Cappello, Antonino"]
[Result "1/2-1/2"]
[WhiteElo "1571"]
[BlackElo "1631"]
[PlyCount "39"]
[EventDate "2006.09.23"]

1. f4 Nf6 2. Nf3 d5 3. b3 Nc6 4. Bb2 e6 5. e3 Bd6 6. c4 h6 7. Be2 Qe7 8. Nc3
Bd7 9. Nb5 Rc8 10. Nxd6+ cxd6 11. cxd5 exd5 12. Rc1 O-O 13. O-O a6 14. Ba3 Rfe8
15. Bd3 Ne4 16. Qe2 Bg4 17. Qe1 Bxf3 18. Rxf3 Na7 19. Be2 Nb5 20. Bb2 1/2-1/2

[Event "I Chess Classic Festival"]
[Site "Siracusa ITA"]
[Date "2006.09.30"]
[Round "9"]
[White "Rosberg, Simon"]
[Black "Gangemi, Salvatore"]
[Result "1/2-1/2"]
[WhiteElo "2011"]
[BlackElo "2077"]
[PlyCount "63"]
[EventDate "2006.09.23"]

1. d4 Nf6 2. c4 g6 3. Nf3 Bg7 4. g3 d5 5. Bg2 c6 6. O-O dxc4 7. a4 O-O 8. Na3
c3 9. bxc3 c5 10. Rb1 Nd5 11. Bd2 cxd4 12. cxd4 f5 13. Qb3 e6 14. Nc4 Nc6 15.
e3 Rb8 16. Rfc1 b6 17. Nce5 Nxe5 18. Nxe5 Bxe5 19. dxe5 Rf7 20. Bb4 Nxb4 21.
Qxb4 Bb7 22. Bxb7 Rfxb7 23. Rc6 Qd5 24. Qd6 Qxd6 25. exd6 Kf7 26. Rbc1 Rd7 27.
Rc7 Rbd8 28. Rxd7+ Rxd7 29. Rc7 Ke8 30. Rc8+ Rd8 31. Rc7 Rxd6 32. Rxa7 1/2-1/2

[Event "I Chess Classic Festival"]
[Site "Siracusa ITA"]
[Date "2006.09.30"]
[Round "9"]
[White "Salvaggio, Salvatore"]
[Black "Cioffi, Luigi"]
[Result "1-0"]
[WhiteElo "1694"]
[BlackElo "1735"]
[PlyCount "89"]
[EventDate "2006.09.23"]

1. d4 Nf6 2. c4 e6 3. Nf3 d5 4. Nc3 c6 5. Bg5 Bb4 6. e3 Bxc3+ 7. bxc3 Qa5 8.
Bxf6 Qxc3+ 9. Nd2 gxf6 10. Rc1 Qb4 11. cxd5 exd5 12. Qf3 Nd7 13. Bd3 Kd8 14.
Qd1 Nb6 15. O-O h5 16. Rb1 Qd6 17. Re1 f5 18. Qf3 Qg6 19. g3 h4 20. Rb2 hxg3
21. fxg3 Qg4 22. Rf1 Qxf3 23. Rxf3 Rh5 24. Nb3 Nc4 25. Rc2 Nd6 26. Be2 Be6 27.
Nc5 Kc7 28. Rf1 Rh6 29. Rb1 Rah8 30. Bd3 Rb8 31. a4 Rhh8 32. a5 Rhg8 33. Rbc1
Ne4 34. Bxe4 fxe4 35. a6 Bd7 36. axb7 Rxb7 37. Nxb7 Kxb7 38. Ra2 Ra8 39. Rb1+
Kc7 40. h4 Kd6 41. Rba1 c5 42. Ra6+ Bc6 43. dxc5+ Kd7 44. Rxa7+ Rxa7 45. Rxa7+
1-0

[Event "I Chess Classic Festival"]
[Site "Siracusa ITA"]
[Date "2006.09.30"]
[Round "9"]
[White "Timoshenko, Georgy"]
[Black "Rigo, Gianfrancesco"]
[Result "1-0"]
[WhiteElo "2550"]
[BlackElo "2013"]
[PlyCount "45"]
[EventDate "2006.09.23"]

1. e4 c5 2. Nf3 d6 3. d4 cxd4 4. Nxd4 Nf6 5. Nc3 g6 6. Be3 Bg7 7. f3 O-O 8. Qd2
Nc6 9. O-O-O d5 10. exd5 Nxd5 11. Nxc6 bxc6 12. Bd4 e5 13. Bc5 Be6 14. Ne4 Re8
15. h4 h6 16. g4 Qb8 17. g5 h5 18. c4 Nb6 19. Nf6+ Bxf6 20. gxf6 Kh7 21. b3 Qc8
22. Qg5 Bf5 23. Be3 1-0

[Event "I Chess Classic Festival"]
[Site "Siracusa ITA"]
[Date "2006.09.30"]
[Round "9"]
[White "Tondo, Salvatore"]
[Black "Bottini, Paolo"]
[Result "0-1"]
[WhiteElo "2029"]
[BlackElo "1908"]
[PlyCount "114"]
[EventDate "2006.09.23"]

1. Nf3 d5 2. c4 e6 3. e3 Nf6 4. b3 c5 5. cxd5 exd5 6. Bb5+ Nc6 7. O-O Bd6 8.
Bb2 O-O 9. d4 Bg4 10. Be2 Bxf3 11. Bxf3 cxd4 12. exd4 Re8 13. Nc3 Rc8 14. Qd3
Bb8 15. g3 Nb4 16. Qb5 Bd6 17. Rfd1 a6 18. Qf1 Ne4 19. Bxe4 dxe4 20. Rab1 Nd3
21. Ba1 f5 22. Rxd3 exd3 23. Qxd3 Qf6 24. Rd1 Red8 25. Nd5 Qe6 26. Nb6 Rc7 27.
Nc4 b5 28. Nxd6 Rxd6 29. d5 Qe7 30. Qxf5 Rcd7 31. Qf3 Qf7 32. Qxf7+ Kxf7 33.
Kf1 Rxd5 34. Rxd5 Rxd5 35. Ke2 Rc5 36. Kd2 g6 37. h4 Ke6 38. Bd4 Rd5 39. Ke3
Rd8 40. f3 Kd5 41. Bc3 Kc5 42. Ke2 b4 43. Bb2 a5 44. g4 a4 45. f4 axb3 46. axb3
Ra8 47. Kd3 Ra2 48. Kc2 Kd5 49. f5 gxf5 50. gxf5 h5 51. Kb1 Ra8 52. Kc2 Rg8 53.
f6 Rg2+ 54. Kc1 Ke6 55. Bd4 Rh2 56. Bc5 Rxh4 57. Kd2 Kxf6 0-1

[Event "XXXI Coppa A"]
[Site "Cagliari ITA"]
[Date "2006.03.25"]
[Round "1"]
[White "Clementini, Lorenzo"]
[Black "Collu, Giuseppe"]
[Result "1-0"]
[WhiteElo "2126"]
[BlackElo "1832"]
[PlyCount "79"]
[EventDate "2006.03.25"]

1. d4 Nf6 2. c4 g6 3. Nc3 d5 4. Bf4 c6 5. e3 Bg7 6. cxd5 Nxd5 7. Nxd5 Qxd5 8.
Nf3 O-O 9. Be2 Bg4 10. O-O Nd7 11. h3 Bxf3 12. Bxf3 Qa5 13. b4 Qb6 14. Rb1 e5
15. dxe5 Nxe5 16. Be2 Rad8 17. Qc2 Qc7 18. Rfc1 Qe7 19. b5 cxb5 20. Rxb5 a6 21.
Rc5 Rd7 22. Rc7 Rfd8 23. Rxd7 Qxd7 24. Qc7 Nc6 25. Qxd7 Rxd7 26. Bxa6 Kf8 27.
Bxb7 Rxb7 28. Rxc6 Rb1+ 29. Kh2 Rb2 30. a4 Rxf2 31. a5 g5 32. Bd6+ Ke8 33. Rc7
Rf6 34. Be5 Ra6 35. Bxg7 Rxa5 36. Bf6 Rf5 37. Bd4 h5 38. Rc5 Rxc5 39. Bxc5 f5
40. h4 1-0

[Event "XXXI Coppa A"]
[Site "Cagliari ITA"]
[Date "2006.03.25"]
[Round "1"]
[White "Lai, Luca"]
[Black "Puzzoni, Christian"]
[Result "0-1"]
[WhiteElo "1829"]
[BlackElo "2073"]
[PlyCount "36"]
[EventDate "2006.03.25"]

1. e4 e5 2. f4 Nc6 3. Nf3 f5 4. exf5 e4 5. Ne5 Nf6 6. d3 Bc5 7. dxe4 d5 8. Nxc6
bxc6 9. e5 O-O 10. exf6 Re8+ 11. Be2 Ba6 12. Nc3 Qxf6 13. Kf1 Rxe2 14. Nxe2 Re8
15. g4 Qh4 16. Kg2 Rxe2+ 17. Qxe2 Bxe2 18. h3 Qf2# 0-1

[Event "XXXI Coppa A"]
[Site "Cagliari ITA"]
[Date "2006.03.25"]
[Round "1"]
[White "Ljubisavljevic, Zivojin Z."]
[Black "Marras, Giuseppe"]
[Result "1-0"]
[WhiteElo "2310"]
[BlackElo "1870"]
[PlyCount "117"]
[EventDate "2006.03.25"]

1. d4 Nf6 2. Bg5 Ne4 3. Bf4 g6 4. f3 Nf6 5. e4 d6 6. c3 Bg7 7. Qd2 h6 8. Na3 c6
9. Bd3 Nbd7 10. Ne2 Nh5 11. Be3 e5 12. dxe5 Nxe5 13. Bc2 Bh3 14. O-O Be6 15.
Bb3 Qe7 16. Rad1 Bf8 17. h3 Bxb3 18. axb3 Qe6 19. Nd4 Qc8 20. f4 Nd7 21. Qf2
Nhf6 22. e5 Ne4 23. Qf3 d5 24. e6 Ndf6 25. f5 g5 26. exf7+ Kxf7 27. Ne6 Qb8 28.
c4 Qe5 29. Bd4 Qg3 30. cxd5 cxd5 31. Nb5 Rc8 32. Nxf8 Rhxf8 33. Qxg3 Nxg3 34.
Nd6+ Kg7 35. Nxc8 Nxf1 36. Nd6 Ng3 37. Re1 Kg8 38. Re6 Nge4 39. Nxe4 Nxe4 40.
Rg6+ Kf7 41. Rxh6 Ke8 42. g4 Nd2 43. Bxa7 Rf7 44. Be3 Ne4 45. Rh8+ Kd7 46. Rg8
Kd6 47. Bxg5 Nxg5 48. Rxg5 Ke5 49. Kf2 Ke4 50. Rg8 Kd3 51. Rd8 d4 52. h4 Re7
53. f6 Re4 54. Kf3 Re3+ 55. Kf4 Re1 56. Kg5 Rf1 57. h5 Ke3 58. h6 d3 59. h7 1-0

[Event "XXXI Coppa A"]
[Site "Cagliari ITA"]
[Date "2006.03.25"]
[Round "1"]
[White "Locci, Damiano"]
[Black "Pes, Francesco"]
[Result "1-0"]
[WhiteElo "1934"]
[BlackElo "1802"]
[PlyCount "61"]
[EventDate "2006.03.25"]

1. e4 e5 2. Nf3 Nc6 3. Bb5 a6 4. Ba4 Bc5 5. O-O Nf6 6. d3 d6 7. c3 O-O 8. Be3
b5 9. Bc2 Bg4 10. Nbd2 Qd7 11. Re1 Bb6 12. Qe2 d5 13. Bxb6 cxb6 14. exd5 Qxd5
15. Qe3 Qc5 16. Nxe5 Nxe5 17. Qxe5 Qc6 18. Ne4 Kh8 19. Nxf6 gxf6 20. Qf4 Rg8
21. Kf1 Bh5 22. f3 Rad8 23. d4 Rg7 24. Be4 Qc4+ 25. Kf2 Rdg8 26. Qxf6 b4 27.
cxb4 Qxb4 28. Re2 Qb5 29. d5 Re8 30. Rc1 Bg6 31. Qc6 1-0

[Event "XXXI Coppa A"]
[Site "Cagliari ITA"]
[Date "2006.03.25"]
[Round "1"]
[White "Palmieri, Roberto"]
[Black "Basciu, Simone"]
[Result "0-1"]
[WhiteElo "1838"]
[BlackElo "2176"]
[PlyCount "38"]
[EventDate "2006.03.25"]

1. e4 c5 2. Nf3 Nc6 3. c3 e6 4. Bc4 d6 5. O-O Nf6 6. Re1 Nxe4 7. Rxe4 d5 8.
Bxd5 Qxd5 9. d3 Be7 10. Na3 O-O 11. Bf4 g5 12. Nxg5 Bxg5 13. Bxg5 f5 14. Rh4
Ne5 15. Qh5 Rf7 16. Bf6 Rxf6 17. Qxh7+ Kf8 18. Qh8+ Ke7 19. Nb5 Nf3+ 0-1

[Event "XXXI Coppa A"]
[Site "Cagliari ITA"]
[Date "2006.03.26"]
[Round "2"]
[White "Basciu, Simone"]
[Black "Locci, Damiano"]
[Result "1/2-1/2"]
[WhiteElo "2176"]
[BlackElo "1934"]
[PlyCount "92"]
[EventDate "2006.03.25"]

1. d4 d5 2. Nf3 Nf6 3. c4 c6 4. Nc3 dxc4 5. a4 Bf5 6. e3 e6 7. Bxc4 Bb4 8. O-O
Nbd7 9. Qe2 Bg6 10. h3 O-O 11. Rd1 Qa5 12. Bd2 Rfe8 13. Nh4 Nb6 14. Bb3 e5 15.
dxe5 Qxe5 16. Nxg6 hxg6 17. Qd3 c5 18. Be1 Rac8 19. Qe2 c4 20. Bc2 Bd6 21. Qf3
Re7 22. Rd4 Bc5 23. Rdd1 a6 24. a5 Na8 25. Na4 Bd6 26. Bc3 Qh2+ 27. Kf1 Nh5 28.
g4 Nf6 29. Rd2 Nc7 30. Rad1 Nb5 31. Nb6 Rc6 32. Bxf6 gxf6 33. Nd5 Re6 34. Nxf6+
Rxf6 35. Qxf6 Qxh3+ 36. Ke2 Qxg4+ 37. Qf3 Qe6 38. Ba4 c3 39. Rd5 cxb2 40. Bxb5
axb5 41. e4 f5 42. Qb3 Qxe4+ 43. Kf1 Qh1+ 44. Ke2 Qe4+ 45. Kf1 Qh1+ 46. Ke2
Qe4+ 1/2-1/2